Bacteria 6 - Statistics

General Stats
  • This quiz has been taken 9 times
  • The average score is 4 of 15
Answer Stats
Hint Answer % Correct
Diphtheria is caused by which gram positive rod? Corynebacterium diphtheriae
67%
What causes typhoid fever? Salmonella typhi
67%
What is caused by accumulation of Ab-Ag complexes that lodge in the kidney glomeruli to cause inflammation? Glomerulonephritis
44%
To the nearest 10% what is the mortality rate of untreated colera? 50%
33%
What bacteria causes whooping cough? Bordetella pertusis
33%
What is the name given to the watery diarrhoea in cholera? Rice water
33%
What type of necrosis occurs in the middle of TB granulomas? Caseous
22%
By what process is diptheria toxin taken into the host cell? Endocytosis
22%
In cholera high cytosolic levels of what molecule disturbs the activity of the CFTR pump? cAMP
11%
What small pore forming toxin is released by Mycobacterium tuberculosis? ESAT6
11%
What cytolysin is produced by Strep. pneumoniae to resist removal by ciliated/mucous cells? Pneumolysin
11%
What ATPase protein pump acidifies the endosome with DTX in leading to B dependant translocation of A across the membrane? V
11%
Yersinia pestis (pneumonic plague) uses injected effector proteins to subvert macrophage function preventing engulfment, what are they called? Yops
11%
What is the name given to bacteria that can spread from animals to humans? Zoonosis
11%
What gene does salmonella use to inhibit maturation of the phagolysosome, allowing it to survive in macrophages? SPI-2
0%
No matching quizzes found
Score Distribution
Percent of People with Each Score
Percentile by Number Answered
Your Score History
You have not taken this quiz